000 01297nam a2200253 i 4500
001 165890
003 ES-MaACL
005 20250815010359.0
008 960926s1855 fr |||| |cfre d
040 _aCYL
_bspa
_cCYL
245 0 0 _aSuétone, les écrivains de l'Histoire Auguste, Eutrope, Sextus Rufus
_b: avec la traduction en français /
_cpubliés sous la direction de M. Nisard.
260 _aParis :
_bLibrairie de Firmin Didot Frères, Editeurs,
_c1855.
300 _a[6], VIII, 907 p. ;
_c25 cm.
490 1 _aCollection des auteurs latins avec la traduction en français / publiée sous la direction de M. Nisard
505 8 _aContiene: ;
_tLes douze Césars /
_rSuétone. --
_tLes écrivains de l’Histoire Auguste /
_rEutrope. --
_tAbrégé de l’ historie romaine /
_rEutrope. --
_tResume des victoires et des provinces du peuple romain /
_rRufus
597 _aTexto paralelo francés-latín.
700 1 _aSuetonio Tranquilo, Cayo.
_9108733
700 1 _aEutropio, Flavio.
_9126987
700 1 _aSexto Rufo.
_9132698
700 1 _aNisard, Desiré,
_d1806-1888
_9130499
830 0 _aCollection des auteurs latins avec la traduction en français / publiée sous la direction de M. Nisard
_9222502
852 _aES-MaACL
_jB-2998
_z- Enc. hol.
999 _c165890
_d165890